तृतीय लिंग विमर्श:कल आज और कल/ (Record no. 199211)
[ view plain ]
| 000 -LEADER | |
|---|---|
| fixed length control field | 00803nam a22001817a 4500 |
| 005 - DATE AND TIME OF LATEST TRANSACTION | |
| control field | 20231123171518.0 |
| 010 ## - LCCN (DPL NO) | |
| LC control number | HIN-126369 |
| 020 ## - INTERNATIONAL STANDARD BOOK NUMBER | |
| International Standard Book Number | 9789392568565 |
| Terms of availability | 699.00 |
| 035 ## - SYSTEM CONTROL NUMBER | |
| System control number | HN-98715 |
| 037 ## - SOURCE OF ACQUISITION | |
| Source of stock number/acquisition | DBAD/PUB. |
| 082 ## - DEWEY DECIMAL CLASSIFICATION NUMBER | |
| Classification number | 305.9085 |
| 245 ## - TITLE STATEMENT | |
| Title | तृतीय लिंग विमर्श:कल आज और कल/ |
| Statement of responsibility, etc | संपादक रेशमा अंसारी और कमलेश गोगिया |
| 260 ## - PUBLICATION, DISTRIBUTION, ETC. (IMPRINT) | |
| Place of publication, distribution, etc | Chhattisgarh |
| Name of publisher, distributor, etc | Aditi Publication |
| Date of publication, distribution, etc | 2023 |
| 270 ## - ADDRESS | |
| Address | Opp. New Panchajanya vidya mandir near tirnga chowk kushalpur Raipur |
| City | Chhattisgarh |
| 300 ## - PHYSICAL DESCRIPTION | |
| Extent | 206 पृष्ट |
| Dimensions | 29सेमी (अजिल्द) |
| 710 ## - ADDED ENTRY--CORPORATE NAME | |
| Corporate name or jurisdiction name as entry element | कमलेश गोगिया |
| Relator term | संपादक |
| 9 (RLIN) | 59044 |
| 942 ## - ADDED ENTRY ELEMENTS (KOHA) | |
| Institution code [OBSOLETE] | DPL |
| Item type | Hindi Books |
| Source of classification or shelving scheme | Dewey Decimal Classification |
| Classification part | 305.9085 |
| Call number suffix | तृतीय |
| Withdrawn status | Lost status | Not for loan | Collection code | Home library | Current library | Date acquired | Source of acquisition | Cost, normal purchase price | Full call number | Barcode | Copy number | Cost, replacement price | Koha item type |
|---|---|---|---|---|---|---|---|---|---|---|---|---|---|
| Non-fiction | Vinoba Puri | Vinoba Puri | 23/11/2023 | DBAD/PUB | 699.00 | 305.9085 तृतीय | HN-98715 | 1 | 699.00 | Hindi Books |
